Zpověď
| Titel: | Zpověď : podle vlastních výpovědí v době vazby u Krajského soudu trestního v Praze na Pankráci / Karl Hermann Frank ; fotopříloha Jaroslav Čvančara |
|---|---|
| Verfasser: | |
| Ausgabe: | Vydání první (v nakl. T & M) |
| Veröffentlicht: | Praha : Toužimský & Moravec, 2016 |
| Umfang: | 267 Seiten, 112 ungezählte Seiten mit Bildtafeln : Illustrationen, Porträts, Faksimiles ; 22 cm |
| Format: | Buch |
| Sprache: | Tschechisch |
| ISBN: | 8072641727 ; 9788072641727 |
| Hinweise zum Inhalt: |
Inhaltsverzeichnis
|
alg: 38557783 001A $03004:04-08-16 001B $01999:13-12-25 $t10:45:56.000 001D $03004:23-02-17 001U $0utf8 001X $00 002@ $0Aau 002C $aText $btxt $2rdacontent 002D $aohne Hilfsmittel zu benutzen $bn $2rdamedia 002E $aBand $bnc $2rdacarrier 003@ $0385577834 004A $080-7264-172-7 004A $A978-80-7264-172-7 007A $0385577834 $aHEB 007G $0DE020733E536E42EFD17BC12580D1003BB030 009P $qapplication/pdf $A2 $3Inhaltsverzeichnis $uhttps://scans.hebis.de/HEBCGI/show.pl?38557783_toc.pdf $mV:DE-603;B:DE-Mb50 010@ $acze 010E $erda 011@ $a2016 $n2016 021A $aZpověď $dpodle vlastních výpovědí v době vazby u Krajského soudu trestního v Praze na Pankráci $hKarl Hermann Frank ; fotopříloha Jaroslav Čvančara 028A $BVerfasser $#Frank, K. H. $4aut $7118692690 $8Frank, Karl Hermann$Z1898-1946 [Tp1] $9087033518 032@ $aVydání první (v nakl. T & M) 033A $pPraha $nToužimský & Moravec 034D $a267 Seiten, 112 ungezählte Seiten mit Bildtafeln 034I $a22 cm 034M $aIllustrationen, Porträts, Faksimiles 044K $qDNB $#Frank, K. H. $7118692690 $8Frank, Karl Hermann$Z1898-1946 [Tp1] $9087033518 045F $a900.94309043 $eDDC23BSB 045F/01 $a900 045F/03 $f09043 045F/03 $f09044 045F/03 $g43 045F/03 $g437 045G $a909 $eDDC23BSB 045G/01 $a909 045G/03 $f0904 045G/03 $g43 045T $a7,41 045T $a8,1 lok: 38557783 24 101B $023-02-17 $t18:18:55.000 101C $023-02-17 101U $0utf8 145Z/01 $a3 5 Fa 145Z/02 $a22 7 N 145Z/03 $a3 7 Mn exp: 38557783 24 1 #EPN 201B/01 $023-02-17 $t18:18:55.000 201C/01 $004-08-16 201U/01 $0utf8 203@/01 $0779160932 208@/01 $a23-02-17 $bz 209A/01 $a16.07654 $du $f050 $h16 07654 $x00 209C/01 $a16.07654 K $h16 07654 K 209G/01 $a73610451 $x00 220C/01 $akon 244Z/01 $#Frank, K. H. $7118692690 $8--Tp1--Frank, Karl Hermann$Z1898-1946 $x01 $9087033518 247C/01 $8358050-7Marburg, Bibliothek des Herder-Instituts Marburg $9102600961
| LEADER | 00000cam a2200000 c 4500 | ||
|---|---|---|---|
| 001 | 385577834 | ||
| 003 | DE-603 | ||
| 005 | 20251213104556.0 | ||
| 007 | tu | ||
| 008 | 160804s2016 xx |||| | u00||u|cze c | ||
| 020 | |a 8072641727 | ||
| 020 | |a 9788072641727 | ||
| 035 | |a (DE-599)HEB385577834 | ||
| 040 | |a DE-603 |b ger |c DE-603 |d DE-603 |e rda | ||
| 041 | |a cze | ||
| 082 | 0 | 4 | |8 1\u |a 900.94309043 |q DE-101 |2 23/BSB |
| 083 | 0 | |8 2\u |a 909 |q DE-101 |2 23/BSB | |
| 084 | |a 7,41 |2 ssgn | ||
| 084 | |a 8,1 |2 ssgn | ||
| 085 | |8 1\u |b 900 | ||
| 085 | |8 1\u |z 1 |s 09043 | ||
| 085 | |8 1\u |z 1 |s 09044 | ||
| 085 | |8 1\u |z 2 |s 43 | ||
| 085 | |8 1\u |z 2 |s 437 | ||
| 085 | |8 2\u |b 909 | ||
| 085 | |8 2\u |z 1 |s 0904 | ||
| 085 | |8 2\u |z 2 |s 43 | ||
| 100 | 1 | |a Frank, Karl Hermann |d 1898-1946 |e Verfasser |4 aut |0 (DE-603)087033518 |0 (DE-588)118692690 |2 gnd | |
| 245 | 0 | 0 | |a Zpověď |b podle vlastních výpovědí v době vazby u Krajského soudu trestního v Praze na Pankráci |c Karl Hermann Frank ; fotopříloha Jaroslav Čvančara |
| 250 | |a Vydání první (v nakl. T & M) | ||
| 264 | 1 | |a Praha |b Toužimský & Moravec |c 2016 | |
| 300 | |a 267 Seiten, 112 ungezählte Seiten mit Bildtafeln |b Illustrationen, Porträts, Faksimiles |c 22 cm | ||
| 336 | |a Text |b txt |2 rdacontent | ||
| 337 | |a ohne Hilfsmittel zu benutzen |b n |2 rdamedia | ||
| 338 | |a Band |b nc |2 rdacarrier | ||
| 600 | 1 | 7 | |a Frank, Karl Hermann |d 1898-1946 |0 (DE-588)118692690 |0 (DE-603)087033518 |2 gnd |
| 856 | 4 | 2 | |m V:DE-603;B:DE-Mb50 |q application/pdf |u https://scans.hebis.de/HEBCGI/show.pl?38557783_toc.pdf |3 Inhaltsverzeichnis |
| 924 | 0 | |9 Mb 50 |a (DE-603)779160932 |b DE-Mb50 |c HES |d c |g 16.07654 | |


